[Event "Sebes GP op"]
[Site "Sebes"]
[Date "2023.11.05"]
[Round "8"]
[White "Tamas, Christian Arrydan"]
[Black "Cruz de la Osa, Reider"]
[Result "0-1"]
[WhiteElo "1916"]
[BlackElo "2233"]
[PlyCount "120"]
[EventDate "2023.11.04"]
[EventType "swiss"]
[EventRounds "10"]
[EventCountry "ROU"]
[SourceTitle "CB46_2023"]
[SourceDate "2023.11.15"]
[SourceVersion "1"]
[SourceVersionDate "2023.11.15"]
[SourceQuality "1"]

1. d4 e6 2. c4 f5 3. Nf3 Nf6 4. g3 d5 5. Bg2 c6 6. 0-0 Bd6 7. Nbd2 0-0 8. Ne5 Nbd7 9. Nd3 Ne4 10. Qc2 Qe8 11. Nf3 h6 12. Bf4 Be7 13. Nfe5 g5 14. Nxd7 Bxd7 15. Be5 Qh5 16. f3 Nd6 17. Nc5 Bc8 18. b3 Nf7 19. Nd3 Nxe5 20. Nxe5 Bf6 21. e4 Bxe5 22. dxe5 dxe4 23. fxe4 f4 24. gxf4 gxf4 25. Qc3 Bd7 26. Kh1 Kh7 27. Bf3 Qh3 28. Qd2 Rf7 29. Qg2 Qxg2+ 30. Kxg2 Rg8+ 31. Kf2 Rg5 32. h4 Rxe5 33. b4 Rg7 34. Rg1 Be8 35. Rxg7+ Kxg7 36. Rd1 Kf6 37. Rd8 Ke7 38. Rb8 b5 39. c5 a5 40. a3 axb4 41. axb4 Bg6 42. Rb7+ Kf6 43. Rb6 Bxe4 44. Bxe4 Rxe4 45. Rxc6 Rxb4 46. Kf3 Kf5 47. Rb6 Rb3+ 48. Kf2 e5 49. c6 Rc3 50. Ke2 f3+ 51. Kd2 Rc5 52. Ke3 e4 53. c7 Rc3+ 54. Kd2 Rxc7 55. Rxb5+ Kf4 56. Rb8 e3+ 57. Kd3 Rd7+ 58. Kc2 e2 59. Rf8+ Kg3 60. Rg8+ Kf2 0-1

[Event "Sebes GP op"]
[Site "Sebes"]
[Date "2023.11.04"]
[Round "2"]
[White "Tamas, Christian Arrydan"]
[Black "Kantor, Gergely"]
[Result "0-1"]
[WhiteElo "1916"]
[BlackElo "2527"]
[PlyCount "78"]
[EventDate "2023.11.04"]
[EventType "swiss"]
[EventRounds "10"]
[EventCountry "ROU"]
[SourceTitle "CB46_2023"]
[SourceDate "2023.11.15"]
[SourceVersion "1"]
[SourceVersionDate "2023.11.15"]
[SourceQuality "1"]

1. d4 Nf6 2. c4 e6 3. Nc3 Bb4 4. a3 Bxc3+ 5. bxc3 c5 6. e3 b6 7. Bd3 Bb7 8. f3 Nc6 9. Ne2 0-0 10. e4 Ne8 11. 0-0 Na5 12. f4 f5 13. exf5 exf5 14. dxc5 bxc5 15. Ng3 Nd6 16. Be3 Qc7 17. Qa4 Ba6 18. Bf2 Bxc4 19. Bxc4+ Ndxc4 20. Rad1 Rad8 21. Qc2 g6 22. Rd5 d6 23. Rfd1 Nb6 24. R5d3 Nac4 25. Nf1 Rfe8 26. Qb3 Kg7 27. a4 Qc6 28. Ra1 a5 29. Qb5 Qxb5 30. axb5 a4 31. Nd2 Nb2 32. Re3 Rxe3 33. Bxe3 Nd5 34. Kf2 Re8 35. Nf1 Nxc3 36. Bc1 Nd3+ 37. Kf3 Nxb5 38. Ne3 Nd4+ 39. Kg3 Nxc1 0-1

[Event "Timisoara Foisor Memorial Rapid"]
[Site "Timisoara"]
[Date "2023.08.05"]
[Round "4"]
[White "Tamas, Christian Arrydan"]
[Black "Rakotomaharo, Fy Antenaina"]
[Result "0-1"]
[WhiteElo "2012"]
[BlackElo "2464"]
[PlyCount "58"]
[EventDate "2023.08.05"]
[EventType "swiss (rapid)"]
[EventRounds "10"]
[EventCountry "ROU"]
[SourceTitle "CBM 215 Extra"]
[Source "ChessBase"]
[SourceDate "2023.09.30"]
[SourceVersion "1"]
[SourceVersionDate "2023.09.30"]
[SourceQuality "1"]

1. d4 d5 2. c4 e6 3. Nc3 Bb4 4. a3 Bxc3+ 5. bxc3 Nf6 6. cxd5 exd5 7. e3 Bf5 8. f3 0-0 9. Ne2 Nc6 10. g4 Nxg4 11. fxg4 Qh4+ 12. Ng3 Be4 13. Rg1 Qxh2 14. Ne2 f5 15. g5 Bf3 16. Kd2 f4 17. exf4 Rae8 18. Qe1 Na5 19. Ra2 Nc4+ 20. Kd1 Qxg1 21. Bh3 Qh2 22. Bd7 Re7 23. Bb5 c6 24. Bxc4 dxc4 25. Qf1 Bg4 26. Rd2 Rxe2 27. Rxe2 Re8 28. Kc2 Rxe2+ 29. Kb1 Bf5+ 0-1

[Event "ROM-ch"]
[Site "Sebes"]
[Date "2023.02.24"]
[Round "7"]
[White "Daianu, Cristian Clement"]
[Black "Tamas, Christian Arrydan"]
[Result "1/2-1/2"]
[WhiteElo "2188"]
[BlackElo "1979"]
[PlyCount "40"]
[EventDate "2023.02.19"]
[EventType "swiss"]
[EventRounds "9"]
[EventCountry "ROU"]
[SourceTitle "CBM 212 Extra"]
[Source "ChessBase"]
[SourceDate "2023.03.31"]
[SourceVersion "1"]
[SourceVersionDate "2023.03.31"]
[SourceQuality "1"]

1. e4 c6 2. d4 d5 3. Nc3 dxe4 4. Nxe4 Nf6 5. Nxf6+ exf6 6. Nf3 Bd6 7. Be3 0-0 8. Bd3 Re8 9. Qd2 Nd7 10. 0-0-0 Nf8 11. Kb1 Be6 12. Rhg1 b5 13. g4 Bc7 14. Nh4 Qd5 15. b3 a5 16. f3 b4 17. Be4 Qb5 18. Bd3 Qd5 19. Be4 Qb5 20. Bd3 Qd5 1/2-1/2

[Event "Sebes Romanian Rapid op"]
[Site "Sebes"]
[Date "2022.12.02"]
[Round "6"]
[White "Tamas, Christian Arrydan"]
[Black "Cnejev, Vladimir Alexandru"]
[Result "0-1"]
[WhiteElo "1917"]
[BlackElo "2268"]
[PlyCount "52"]
[EventDate "2022.12.02"]
[EventType "swiss (rapid)"]
[EventRounds "8"]
[EventCountry "ROU"]
[SourceTitle "CBM 211 Extra"]
[Source "ChessBase"]
[SourceDate "2023.01.31"]
[SourceVersion "1"]
[SourceVersionDate "2023.01.31"]
[SourceQuality "1"]

1. d4 d5 2. c4 e6 3. Nc3 Nf6 4. cxd5 exd5 5. Bg5 c6 6. e3 Be7 7. Bd3 h6 8. Bh4 0-0 9. Qc2 Re8 10. Nf3 Nbd7 11. 0-0 Ne4 12. Bxe4 Bxh4 13. Bh7+ Kh8 14. Nxh4 Qxh4 15. Bd3 Nf6 16. Ne2 Bd7 17. Rab1 Ne4 18. Bxe4 Rxe4 19. b4 Qg5 20. a4 a6 21. b5 axb5 22. axb5 h5 23. bxc6 bxc6 24. Rb7 Rd8 25. Ng3 Re7 26. Rfb1 h4 0-1

[Event "Wch U14"]
[Site "Mamaia"]
[Date "2022.09.09"]
[Round "4"]
[White "Tamas, Christian Arrydan"]
[Black "Warchol, Kamil"]
[Result "0-1"]
[WhiteElo "1979"]
[BlackElo "2190"]
[PlyCount "44"]
[EventDate "2022.09.06"]
[EventType "swiss"]
[EventRounds "11"]
[EventCountry "ROU"]
[SourceTitle "CBM 210 Extra"]
[Source "ChessBase"]
[SourceDate "2022.11.30"]
[SourceVersion "1"]
[SourceVersionDate "2022.11.30"]
[SourceQuality "1"]

1. d4 Nf6 2. c4 e6 3. Nc3 Bb4 4. f3 c5 5. d5 b5 6. e4 d6 7. Nge2 bxc4 8. a3 Ba5 9. Bg5 0-0 10. Bxf6 Qxf6 11. dxe6 Qxe6 12. Nf4 Qe5 13. Nfd5 Nc6 14. Bxc4 Rb8 15. Qd2 Qd4 16. b3 Ne5 17. Rc1 Be6 18. Kd1 Nxc4 19. bxc4 Qxc4 20. Ne7+ Kh8 21. Nc6 Bxc3 22. Qxc3 Qa4+ 0-1

[Event "Veliko Gradiste Silver Lake op-A"]
[Site "Veliko Gradiste"]
[Date "2022.06.25"]
[Round "8"]
[White "Tamas, Christian Arrydan"]
[Black "Thrish, Karthik"]
[Result "1/2-1/2"]
[WhiteElo "1884"]
[BlackElo "2095"]
[PlyCount "61"]
[EventDate "2022.06.19"]
[EventType "swiss"]
[EventRounds "9"]
[EventCountry "SRB"]
[SourceTitle "CBM 209 Extra"]
[Source "ChessBase"]
[SourceDate "2022.09.30"]
[SourceVersion "1"]
[SourceVersionDate "2022.09.30"]
[SourceQuality "1"]

1. d4 d5 2. c4 dxc4 3. e3 e5 4. Bxc4 exd4 5. exd4 Bd6 6. Nf3 Nf6 7. 0-0 0-0 8. Nc3 Nc6 9. Bg5 h6 10. Bh4 Bg4 11. Bd5 Bxf3 12. Bxf3 Nxd4 13. Bxb7 Rb8 14. Bd5 c5 15. Bb3 g5 16. Bg3 Bxg3 17. hxg3 Kg7 18. Rc1 Nxb3 19. axb3 Qxd1 20. Nxd1 Rfc8 21. Rc3 Ne4 22. Rd3 Rd8 23. Rxd8 Rxd8 24. Nc3 Nd2 25. Ra1 Rd7 26. Nb5 Nxb3 27. Rxa7 Rd1+ 28. Kh2 Rd2 29. f4 g4 30. Rb7 h5 31. Nd6 1/2-1/2

[Event "Veliko Gradiste Silver Lake op-A"]
[Site "Veliko Gradiste"]
[Date "2022.06.24"]
[Round "7"]
[White "Phatak, Aanjaneya"]
[Black "Tamas, Christian Arrydan"]
[Result "0-1"]
[WhiteElo "2145"]
[BlackElo "1884"]
[PlyCount "90"]
[EventDate "2022.06.19"]
[EventType "swiss"]
[EventRounds "9"]
[EventCountry "SRB"]
[SourceTitle "CBM 209 Extra"]
[Source "ChessBase"]
[SourceDate "2022.09.30"]
[SourceVersion "1"]
[SourceVersionDate "2022.09.30"]
[SourceQuality "1"]

1. e4 c5 2. Nf3 Nc6 3. d4 cxd4 4. Nxd4 Nf6 5. Nc3 e5 6. Ndb5 d6 7. Nd5 Nxd5 8. exd5 Nb8 9. a4 Be7 10. Be2 0-0 11. 0-0 Nd7 12. Be3 a6 13. Na3 f5 14. f3 Bg5 15. Bf2 Rf6 16. h4 Bf4 17. Bd3 Nc5 18. Nc4 Rg6 19. b4 Nxd3 20. Qxd3 Rg3 21. Bxg3 Bxg3 22. Rfb1 Qxh4 23. Nd2 Qh2+ 24. Kf1 Qh1+ 25. Ke2 Qxg2+ 26. Kd1 e4 27. Qe2 Qg1+ 28. Qf1 Qd4 29. Qc4 Qe3 30. Qe2 Qg1+ 31. Qf1 Qxf1+ 32. Nxf1 Be5 33. Ra3 Bd7 34. b5 axb5 35. a5 exf3 36. c4 bxc4 37. Rxb7 Bc8 38. a6 Bd4 39. Rc7 Bxa6 40. Rc6 Rb8 41. Nd2 Bb5 42. Rxd6 Bc5 43. Raa6 Bxd6 44. Rxd6 f2 45. Re6 c3 0-1

[Event "Veliko Gradiste Silver Lake op-A"]
[Site "Veliko Gradiste"]
[Date "2022.06.22"]
[Round "5"]
[White "Hng, Mei Xian Eunice"]
[Black "Tamas, Christian Arrydan"]
[Result "1-0"]
[WhiteElo "1800"]
[BlackElo "1884"]
[PlyCount "101"]
[EventDate "2022.06.19"]
[EventType "swiss"]
[EventRounds "9"]
[EventCountry "SRB"]
[SourceTitle "CBM 209 Extra"]
[Source "ChessBase"]
[SourceDate "2022.09.30"]
[SourceVersion "1"]
[SourceVersionDate "2022.09.30"]
[SourceQuality "1"]

1. e4 c5 2. d4 cxd4 3. c3 dxc3 4. Nxc3 g6 5. Bc4 Nc6 6. Nf3 Bg7 7. 0-0 d6 8. Qe2 Nf6 9. h3 0-0 10. Rd1 Bd7 11. Bg5 Rc8 12. Rac1 a6 13. Bb3 h6 14. Bh4 Re8 15. Qd2 g5 16. Bg3 Qa5 17. Qe3 Red8 18. Na4 Nb8 19. Nb6 Rxc1 20. Rxc1 Bc6 21. Nd5 Bxd5 22. exd5 Kf8 23. Qa7 Nbd7 24. Qxb7 Nc5 25. Qc6 Nxb3 26. axb3 Qxd5 27. Qxa6 Qxb3 28. Rc8 Rxc8 29. Qxc8+ Ne8 30. h4 g4 31. Qxg4 Qxb2 32. Qc8 Qa1+ 33. Kh2 Qa4 34. Ng1 Bf6 35. Nf3 Kg7 36. Qc1 Qd7 37. Bf4 h5 38. Bh6+ Kh7 39. Ng5+ Kxh6 40. Ne6+ Kg6 41. Nf8+ Kf5 42. Nxd7 Bxh4 43. Qc2+ Ke6 44. Qe4+ Kxd7 45. Qxh4 Nf6 46. Qh3+ Kc7 47. Qb3 d5 48. f3 Kc6 49. Qb4 Kd7 50. Qc5 e6 51. Qf8 1-0

[Event "Veliko Gradiste Silver Lake op-A"]
[Site "Veliko Gradiste"]
[Date "2022.06.19"]
[Round "1"]
[White "Tamas, Christian Arrydan"]
[Black "Creanga, Robert Ionut"]
[Result "0-1"]
[WhiteElo "1884"]
[BlackElo "2201"]
[PlyCount "72"]
[EventDate "2022.06.19"]
[EventType "swiss"]
[EventRounds "9"]
[EventCountry "SRB"]
[SourceTitle "CBM 209 Extra"]
[Source "ChessBase"]
[SourceDate "2022.09.30"]
[SourceVersion "1"]
[SourceVersionDate "2022.09.30"]
[SourceQuality "1"]

1. d4 Nf6 2. c4 e6 3. Nc3 Bb4 4. f3 d5 5. a3 Bxc3+ 6. bxc3 c5 7. cxd5 exd5 8. e3 0-0 9. Bd3 Re8 10. Ne2 b6 11. 0-0 Ba6 12. Ng3 Bxd3 13. Qxd3 Nc6 14. Bb2 h5 15. Rae1 h4 16. Nf5 h3 17. Ng3 Qd7 18. e4 dxe4 19. fxe4 Ng4 20. Qd1 hxg2 21. Kxg2 Ne7 22. h3 Nh6 23. Bc1 Qe6 24. Qh5 cxd4 25. Bxh6 gxh6 26. cxd4 Rec8 27. d5 Rc2+ 28. Re2 Rxe2+ 29. Qxe2 Qe5 30. Qg4+ Ng6 31. Nf5 h5 32. Qf3 Rc8 33. Re1 Rc2+ 34. Kf1 Rc3 35. Qxh5 Qh2 36. Re3 Rc1+ 0-1

[Event "Bucharest Super Rapid op"]
[Site "Bucharest"]
[Date "2022.05.01"]
[Round "6"]
[White "Tamas, Christian Arrydan"]
[Black "Padurariu, Mihai Edward"]
[Result "0-1"]
[WhiteElo "1932"]
[BlackElo "2255"]
[PlyCount "62"]
[EventDate "2022.04.30"]
[EventType "swiss (rapid)"]
[EventRounds "10"]
[EventCountry "ROU"]
[SourceTitle "CBM 208 Extra"]
[Source "ChessBase"]
[SourceDate "2022.07.31"]
[SourceVersion "1"]
[SourceVersionDate "2022.07.31"]
[SourceQuality "1"]

1. d4 Nf6 2. c4 e6 3. Nc3 Bb4 4. f3 c5 5. d5 0-0 6. e4 Re8 7. Nge2 exd5 8. cxd5 d6 9. Ng3 Nbd7 10. Be2 a6 11. a4 Ne5 12. 0-0 Rb8 13. Bg5 h6 14. Bxf6 Qxf6 15. f4 Ng6 16. Qc1 c4 17. Kh1 b5 18. axb5 axb5 19. e5 dxe5 20. f5 Nf4 21. Nce4 Qh4 22. Qd1 Rd8 23. Bf3 Nxd5 24. f6 Be6 25. Qe2 Nxf6 26. Nxf6+ Qxf6 27. Ra7 Rf8 28. Bd5 Qg6 29. Bxe6 fxe6 30. Rd1 Bc5 31. Qxe5 Bxa7 0-1

[Event "Bucharest Super Rapid op"]
[Site "Bucharest"]
[Date "2022.04.30"]
[Round "1"]
[White "Badea, Bela"]
[Black "Tamas, Christian Arrydan"]
[Result "1-0"]
[WhiteElo "2398"]
[BlackElo "1932"]
[PlyCount "119"]
[EventDate "2022.04.30"]
[EventType "swiss (rapid)"]
[EventRounds "10"]
[EventCountry "ROU"]
[SourceTitle "CBM 208 Extra"]
[Source "ChessBase"]
[SourceDate "2022.07.31"]
[SourceVersion "1"]
[SourceVersionDate "2022.07.31"]
[SourceQuality "1"]

1. Nf3 Nf6 2. b3 g6 3. Bb2 Bg7 4. g3 0-0 5. Bg2 d6 6. d4 c5 7. e3 cxd4 8. exd4 d5 9. Ne5 Nbd7 10. Qe2 Ne4 11. 0-0 Ndf6 12. c4 e6 13. c5 Nd7 14. Nd3 b6 15. f3 Nef6 16. Rc1 bxc5 17. dxc5 Ba6 18. Qe3 Bxd3 19. Qxd3 Rc8 20. b4 Qe7 21. Nd2 a5 22. a3 Nb8 23. Nb3 axb4 24. axb4 Nc6 25. b5 Nb8 26. c6 Ne8 27. Bxg7 Kxg7 28. f4 Nd6 29. Nd4 Nc4 30. Rxc4 dxc4 31. Qxc4 Rfd8 32. b6 Qf6 33. Ra4 Rxd4 34. Qxd4 Nxc6 35. Qxf6+ Kxf6 36. Rc4 Rd8 37. Rxc6 Rd1+ 38. Kf2 Rd2+ 39. Kf1 Rd1+ 40. Ke2 Rb1 41. Be4 Rb2+ 42. Bc2 Ke7 43. Kd3 Kd7 44. Rc7+ Kd6 45. Rxf7 Rxb6 46. Rxh7 Ra6 47. Ke3 Ra3+ 48. Bd3 Ra2 49. h4 Rg2 50. Kf3 Rd2 51. Bxg6 Ra2 52. h5 Ra3+ 53. Kg4 Ra4 54. h6 e5 55. Rf7 exf4 56. Rxf4 Ra7 57. h7 Ra8 58. Bf7 Rh8 59. Bg8 Ke7 60. Kg5 1-0

[Event "ROM-ch"]
[Site "Eforie Nord"]
[Date "2022.02.27"]
[Round "9"]
[White "Tamas, Christian Arrydan"]
[Black "Cnejev, Vladimir Alexandru"]
[Result "0-1"]
[WhiteElo "1833"]
[BlackElo "2179"]
[PlyCount "64"]
[EventDate "2022.02.20"]
[EventType "swiss"]
[EventRounds "9"]
[EventCountry "ROU"]
[SourceTitle "CBM 207 Extra"]
[Source "ChessBase"]
[SourceDate "2022.05.31"]
[SourceVersion "1"]
[SourceVersionDate "2022.05.31"]
[SourceQuality "1"]

1. d4 d5 2. Nf3 Nf6 3. g3 e6 4. Bg2 Be7 5. 0-0 0-0 6. c4 c6 7. Qc2 b6 8. Nbd2 Bb7 9. e4 Na6 10. cxd5 cxd5 11. e5 Nb4 12. Qb3 Nd7 13. a3 Nc6 14. Re1 Rc8 15. Nf1 a6 16. h4 b5 17. h5 Qb6 18. Qd3 b4 19. Bg5 a5 20. Bxe7 Ba6 21. Qd2 Nxe7 22. axb4 axb4 23. N1h2 Rc6 24. Rxa6 Qxa6 25. Qg5 Nf5 26. Bf1 Qb6 27. g4 Nxd4 28. Nxd4 Qxd4 29. h6 g6 30. Qe7 Rc2 31. Re3 Nxe5 32. Nf3 Qxe3 0-1

[Event "ROM-ch"]
[Site "Eforie Nord"]
[Date "2022.02.26"]
[Round "8"]
[White "Tamas, Christian Arrydan"]
[Black "Dragomirescu, Calin"]
[Result "1-0"]
[WhiteElo "1833"]
[BlackElo "2092"]
[PlyCount "127"]
[EventDate "2022.02.20"]
[EventType "swiss"]
[EventRounds "9"]
[EventCountry "ROU"]
[SourceTitle "CBM 207 Extra"]
[Source "ChessBase"]
[SourceDate "2022.05.31"]
[SourceVersion "1"]
[SourceVersionDate "2022.05.31"]
[SourceQuality "1"]

1. d4 d5 2. Nf3 c6 3. g3 e6 4. Bg2 f5 5. 0-0 Nf6 6. c4 Bd6 7. Nbd2 Nbd7 8. Ne1 0-0 9. Nd3 Ne4 10. Qc2 Qf6 11. e3 g5 12. b3 Qh6 13. f3 Nxg3 14. hxg3 Bxg3 15. Rd1 Bh2+ 16. Kf1 Nf6 17. Ke2 Nh5 18. Nf1 Bd6 19. Ne5 Bxe5 20. dxe5 Bd7 21. Bd2 Be8 22. Be1 Bg6 23. Qd2 f4 24. Bf2 fxe3 25. Bxe3 Nf4+ 26. Bxf4 Rxf4 27. Ne3 d4 28. Ng4 d3+ 29. Ke3 Rxg4 30. fxg4 Qh2 31. Kd4 c5+ 32. Kxc5 Qxe5+ 33. Kb4 a5+ 34. Ka3 b5 35. cxb5 Rc8 36. Rac1 Qd6+ 37. Kb2 Qd4+ 38. Rc3 a4 39. Bc6 Rf8 40. Qc1 e5 41. b6 axb3 42. axb3 e4 43. Qxg5 Rf2+ 44. Rd2 Rxd2+ 45. Qxd2 e3 46. Qg2 e2 47. b7 Qxc3+ 48. Kxc3 e1Q+ 49. Kc4 Qc1+ 50. Kb5 Qf4 51. Qd5+ Kg7 52. Qd7+ Kh6 53. g5+ Qxg5+ 54. Ka6 Qe5 55. Qd8 Qa1+ 56. Ba4 Qf1 57. Qh4+ Kg7 58. Qd4+ Kh6 59. b8Q d2+ 60. Bb5 d1Q 61. Qh4+ Kg7 62. Qe5+ Kg8 63. Bxf1 Qxf1+ 64. Qc4+ 1-0

[Event "ROM-ch"]
[Site "Eforie Nord"]
[Date "2022.02.23"]
[Round "5"]
[White "Coicev, Matei Andrei"]
[Black "Tamas, Christian Arrydan"]
[Result "0-1"]
[WhiteElo "1970"]
[BlackElo "1833"]
[PlyCount "70"]
[EventDate "2022.02.20"]
[EventType "swiss"]
[EventRounds "9"]
[EventCountry "ROU"]
[SourceTitle "CBM 207 Extra"]
[Source "ChessBase"]
[SourceDate "2022.05.31"]
[SourceVersion "1"]
[SourceVersionDate "2022.05.31"]
[SourceQuality "1"]

1. e4 c5 2. Nf3 Nc6 3. d4 cxd4 4. Nxd4 Nf6 5. Nc3 e5 6. Ndb5 d6 7. Bg5 a6 8. Na3 b5 9. Bxf6 gxf6 10. Nd5 f5 11. Bd3 Be6 12. c3 Bxd5 13. exd5 Ne7 14. Nxb5 Bg7 15. Na3 0-0 16. 0-0 e4 17. Bc2 Ng6 18. Nc4 Qg5 19. Qd2 Nf4 20. g3 Rac8 21. Ne3 Nh3+ 22. Kh1 f4 23. Ng2 f3 24. Ne3 f5 25. Ba4 Rc7 26. Rad1 f4 27. Nc2 e3 28. fxe3 fxg3 29. hxg3 f2 30. Kg2 Be5 31. Rh1 Qxg3+ 32. Kf1 Qf3 33. Qc1 Qxh1+ 34. Ke2 Qf3+ 35. Kf1 Rg7 0-1

[Event "ROM-ch"]
[Site "Eforie Nord"]
[Date "2022.02.20"]
[Round "1"]
[White "Dobre, Claudiu Cristian"]
[Black "Tamas, Christian Arrydan"]
[Result "1-0"]
[WhiteElo "2298"]
[BlackElo "1833"]
[PlyCount "109"]
[EventDate "2022.02.20"]
[EventType "swiss"]
[EventRounds "9"]
[EventCountry "ROU"]
[SourceTitle "CBM 207 Extra"]
[Source "ChessBase"]
[SourceDate "2022.05.31"]
[SourceVersion "1"]
[SourceVersionDate "2022.05.31"]
[SourceQuality "1"]

1. c4 Nf6 2. Nf3 g6 3. Nc3 Bg7 4. d4 0-0 5. e4 d6 6. Be2 e5 7. 0-0 Nc6 8. d5 Ne7 9. Ne1 Nd7 10. f3 f5 11. g4 a5 12. Be3 Nf6 13. Nd3 b6 14. a3 f4 15. Bf2 g5 16. Kg2 h5 17. h3 Ng6 18. Qc2 Bd7 19. b3 Qc8 20. Qd1 Nh4+ 21. Bxh4 gxh4 22. Nf2 Qe8 23. Rg1 Nh7 24. Qc2 Ng5 25. Rh1 Qg6 26. Nb1 Rf7 27. Nd2 hxg4 28. hxg4 Qh6 29. Nh3 Nh7 30. Qc3 Bf6 31. b4 Rg7 32. Rhg1 Bd8 33. Kh2 Qg6 34. Nb3 Nf6 35. Nd2 Qf7 36. c5 Rg6 37. Nc4 Qg7 38. cxd6 cxd6 39. bxa5 bxa5 40. Rab1 Bxg4 41. Nf2 Bh5 42. Rxg6 Bxg6 43. Nxd6 Bc7 44. Rb7 Bxd6 45. Rxg7+ Kxg7 46. Nd3 Bxe4 47. Qc6 Bxf3 48. Bxf3 Rd8 49. Nf2 Bxa3 50. Qc7+ Rd7 51. Qxe5 Bd6 52. Qg5+ Kf7 53. Qf5 Be7 54. Ne4 Rxd5 55. Ng5+ 1-0

[Event "Arad op-A 14th"]
[Site "Arad"]
[Date "2021.08.04"]
[Round "7"]
[White "Tamas, Christian Arrydan"]
[Black "Antal, Hunor Zoltan"]
[Result "0-1"]
[WhiteElo "1506"]
[BlackElo "2070"]
[PlyCount "180"]
[EventDate "2021.07.30"]
[EventType "swiss"]
[EventRounds "9"]
[EventCountry "ROU"]
[SourceTitle "CBM 203 Extra"]
[Source "ChessBase"]
[SourceDate "2021.09.30"]
[SourceVersion "1"]
[SourceVersionDate "2021.09.30"]
[SourceQuality "1"]

1. d4 Nf6 2. Nf3 e6 3. g3 b5 4. Bg2 Bb7 5. 0-0 Be7 6. Bg5 h6 7. Bxf6 Bxf6 8. Qd3 a6 9. e4 d6 10. c3 Nd7 11. Nbd2 0-0 12. h4 c5 13. h5 Nb6 14. Nh2 cxd4 15. cxd4 Rc8 16. Ng4 Nc4 17. b3 Nxd2 18. Qxd2 Be7 19. f4 Qb6 20. Kh2 Rc7 21. d5 Rfc8 22. Rac1 b4 23. Ne3 Qb5 24. Rc4 Rxc4 25. bxc4 Qc5 26. Rb1 a5 27. a3 exd5 28. axb4 axb4 29. Qxb4 Qxb4 30. Rxb4 d4 31. Nf5 Rc7 32. Nxd4 d5 33. Rxb7 Rxb7 34. cxd5 Bc5 35. Nf5 Kf8 36. Bf3 Rb2+ 37. Kh3 Rf2 38. Nh4 Be7 39. Bg4 Bxh4 40. Kxh4 Rh2+ 41. Bh3 Rd2 42. Bd7 Rd4 43. Bf5 Ke7 44. Kg4 Kd6 45. Kf3 Kc5 46. Ke3 Kc4 47. g4 Kc5 48. g5 Ra4 49. Kf3 Ra3+ 50. Kg4 Ra1 51. Bd7 Kd4 52. gxh6 gxh6 53. Kf5 Re1 54. e5 Kxd5 55. Be8 Rf1 56. Bxf7+ Kc6 57. Ke4 Kd7 58. Bc4 Rc1 59. Bd3 Ke7 60. f5 Re1+ 61. Kd4 Rd1 62. Ke4 Re1+ 63. Kf4 Rc1 64. Be2 Kf7 65. Bf3 Rc4+ 66. Be4 Rd4 67. Ke3 Rd1 68. Bf3 Re1+ 69. Be2 Ke7 70. Kd2 Ra1 71. Ke3 Re1 72. Kd2 Ra1 73. Bc4 Ra5 74. f6+ Ke8 75. e6 Rf5 76. f7+ Ke7 77. Ke3 Rxh5 78. Kf3 Rg5 79. Kf4 Rg2 80. Bd5 Rg6 81. Kf5 Rg5+ 82. Ke4 h5 83. Bb3 h4 84. Kf4 Rg1 85. Bc2 h3 86. Kf5 h2 87. Be4 h1Q 88. Bxh1 Rxh1 89. Kg6 Rg1+ 90. Kh7 Kf8 0-1

[Event "ROM-ch U10"]
[Site "Calimanesti Caciulata"]
[Date "2019.04.17"]
[Round "3"]
[White "Frent, Andrei Stefan"]
[Black "Tamas, Christian Arrydan"]
[Result "0-1"]
[WhiteElo "1070"]
[BlackElo "1019"]
[PlyCount "108"]
[EventDate "2019.04.15"]
[EventType "swiss"]
[EventRounds "9"]
[EventCountry "ROU"]
[SourceTitle "CBM 190 Extra"]
[Source "ChessBase"]
[SourceDate "2019.07.15"]
[SourceVersion "1"]
[SourceVersionDate "2019.07.15"]
[SourceQuality "1"]

1. e4 c5 2. Nc3 Nc6 3. f4 e6 4. Nf3 Nge7 5. Bb5 g6 6. 0-0 Bg7 7. e5 d6 8. Bxc6+ Nxc6 9. d4 cxd4 10. Nxd4 Qb6 11. Nce2 d5 12. c3 Bd7 13. Kh1 Na5 14. b3 Bb5 15. Be3 Bxe2 16. Qxe2 Qd8 17. c4 dxc4 18. bxc4 Rc8 19. Rad1 Qe7 20. Nb3 Nxc4 21. Rc1 b5 22. Nd2 Qb4 23. Rf3 0-0 24. Ne4 Nxe3 25. Rxc8 Qb1+ 26. Rc1 Qxc1+ 27. Rf1 Qxf1+ 28. Qxf1 Nxf1 29. Kg1 Ne3 30. Kf2 Nd5 31. Kf3 Rc8 32. g4 Rc3+ 33. Nxc3 Nxc3 34. h4 Nxa2 35. g5 b4 36. h5 b3 37. h6 Bxh6 38. gxh6 b2 39. f5 gxf5 40. Ke3 b1Q 41. Kd4 Nc1 42. Kc4 a5 43. Kc5 a4 44. Kd6 Qb5 45. Ke7 Qc6 46. Kf6 a3 47. Kg5 a2 48. Kh5 a1R 49. Kg5 Na2 50. Kf6 Rg1 51. Ke7 Qc7+ 52. Ke8 Qb7 53. Kd8 Rc1 54. Ke8 Rc8# 0-1